000 03218cam a2200805 ar4500
999 _c54443
001 9687868
003 LIBRIS
005 20201111112053.0
008 041110s2004 sw |||||||||||000 ||swe|c
020 _a9100105465
_qinb.
020 _a9789100105464
_qinb.) (2. tr
035 _a(Mo)b1035053
040 _aL
_dNB
_ea
041 _aswe
082 0 4 _a839.73
_222 (machine generated)
084 _aHc.01
_2kssb/7
084 _aHc.01
_2kssb/8
100 1 _aOlsson, Vibeke,
_d1958-
_0https://libris.kb.se/qn245s780bwdgq6#it
245 1 0 _aMolnfri bombnatt :
_broman /
_cVibeke Olsson.
250 _a[Ny utg.]
264 1 _aStockholm :
_bBonnier,
_c2004
264 3 _aFalun :
_bScandbook
300 _a554, [1] s.
_c24 cm
340 _b24 cm
500 _aOriginalupplaga 1995
500 _a2. tr., 2007
500 _5Mo
_aOriginalupplaga
500 _5Mo
_aSAMB: 950-15
500 _5Mo
_asvenska
653 _aSkönlitteratur
653 _aAndra världskriget 1939-1945
653 _aInvandrare
653 _aKrig
653 _aNazism
653 _aRasism
653 _aSkinheads
653 _aSverige
653 _aTyskland
653 _a1900-talet
655 4 _5Mo
_aBok
775 0 _tMolnfri bombnatt
_d1995
_z91-0-056024-3
_w7149348
887 _a{"@id":"l3wvjq6x5v00c9q","modified":"2016-01-12T17:26:06+01:00","checksum":"58749732201"}
_2librisxl
887 _a{"@id":"w172ff823b6jdk7","modified":"2008-01-29T10:37:46+01:00","checksum":"67750562208"}
_2librisxl
887 _a{"@id":"26c5d5w74m81283","modified":"2004-11-10T08:59:40+01:00","checksum":"29765273825"}
_2librisxl
887 _a{"@id":"v0648j912lk8r4n","modified":"2008-02-18T15:41:46+01:00","checksum":"67914616849"}
_2librisxl
887 _a{"@id":"59hhxwxb4wjsrfg","modified":"2009-02-23T13:12:55+01:00","checksum":"102615098032"}
_2librisxl
887 _a{"@id":"8dkcmdhf1402tgp","modified":"2004-11-23T13:41:30+01:00","checksum":"67807992821"}
_2librisxl
887 _a{"@id":"37d6g7b84dj0k24","modified":"2004-12-06T08:18:09+01:00","checksum":"72478221583"}
_2librisxl
887 _a{"@id":"djpjsv9k5mk9wv5","modified":"2005-02-22T10:37:39+01:00","checksum":"64196100940"}
_2librisxl
887 _a{"@id":"nszr64qt1602lvt","modified":"2004-12-28T15:37:29+01:00","checksum":"27759231485"}
_2librisxl
900 1 s _6100
_d1958-
_uOlsson, Vibeke,
_d1958-
900 1 s _6100
_d1958-
_uOlsson, Vibeke,
_d1958-
942 _2z
_cBOOK